Memoria sobre el estado del Instituto Provincial de 2ª Enseñanza de Navarra, durante el curso de 1890 á 1891 / (Record no. 155998)

MARC details
000 -LEADER
campo de control de longitud fija 00805nam a22001815i 4500
001 - NÚMERO DE CONTROL
campo de control 155998
003 - IDENTIFICADOR DE NÚMERO DE CONTROL
campo de control ES-MaACL
005 - FECHA Y HORA DE LA ÚLTIMA TRANSACCIÓN
campo de control 20230906210303.0
008 - DATOS DE LONGITUD FIJA--INFORMACIÓN GENERAL
campo de control de longitud fija 961106s1892 sp |||| | spa d
040 ## - FUENTE DE CATALOGACIÓN
Centro catalogador/agencia de origen CLM
Lengua de catalogación spa
Centro/agencia transcriptor CLM
110 00 - ENTRADA PRINCIPAL--NOMBRE DE ENTIDAD CORPORATIVA
Nombre de entidad corporativa o nombre de jurisdicción como elemento de entrada Instituto Provincial de Segunda Enseñanza de Navarra.
9 (RLIN) 5223
245 10 - MENCIÓN DEL TÍTULO
Título Memoria sobre el estado del Instituto Provincial de 2ª Enseñanza de Navarra, durante el curso de 1890 á 1891 /
Mención de responsabilidad, etc. por D. Victor Sainz de Robles.
260 ## - PUBLICACIÓN, DISTRIBUCIÓN, ETC.
Lugar de publicación, distribución, etc. Pamplona :
Nombre del editor, distribuidor, etc. [s.n.],
Fecha de publicación, distribución, etc. 1892 (
Fabricante Imprenta Provincial)
300 ## - DESCRIPCIÓN FÍSICA
Extensión 77 p. ;
Dimensiones 24 cm.
610 24 - PUNTO DE ACCESO ADICIONAL DE MATERIA--NOMBRE DE ENTIDAD CORPORATIVA
Nombre de entidad corporativa o nombre de jurisdicción como elemento de entrada Instituto Provincial de Segunda Enseñanza de Navarra-
Subdivisión de forma Memorias.
9 (RLIN) 134531
700 1# - ENTRADA AGREGADA--NOMBRE PERSONAL
Nombre de persona Sáinz de Robles, Víctor.
9 (RLIN) 132999
852 ## - LOCALIZACIÓN
Ubicación ES-MaACL
Número de control de estantería T-566-F-10
Nota libre -- Enc. hol., conservando la cub. original
-- -- Enc. en un vol. facticio
Holdings
Estatus retirado Estado de pérdida Estado de daño No para préstamo Colección Biblioteca de origen Biblioteca actual Ubicación en estantería Fecha de adquisición Total de préstamos Signatura topográfica completa Código de barras Visto por última vez Precio de reemplazo Tipo de ítem Koha
        Colección de folletos Biblioteca del Ateneo de Madrid Biblioteca del Ateneo de Madrid Depósito folletos 17/01/2008   T-566-F-10 1163201 23/02/2023 23/02/2023 Folleto